Statistics for ultimate spiderman-new sinister six

Click here to take the quiz!

General Stats

  • This quiz has been taken 126 times
  • The average score is 5 of 6

Answer Stats

HintAnswer% Correct
lightingelectro
97%
reptilelizard
95%
animal hunterkraven
86%
leaderDoctor Octopus
76%
alexrhino
72%
bugbeetle
47%

Score Distribution

Percentile by Number Answered

Percent of People with Each Score

Your Score History

You have not taken this quiz